| 000 | 01217nam a2200289 a 4500 | ||
|---|---|---|---|
| 003 | EG-GICUC | ||
| 005 | 20260227013248.0 | ||
| 008 | 260226s1992 ua ||||fr|||| 000 0 ara d | ||
| 040 | 0 |
_bara _a EG-GICUC _c EG-GICUC _d EG-GICUC _erda |
|
| 041 | 0 | _aara | |
| 082 | 0 | 4 |
_a341,8 _bم ن . ت _221 |
| 092 | 0 | 4 | _221 |
| 099 | _aLaw1 11 1992 341.8 م ن . ت | ||
| 100 | 0 |
_aمنصور محمد عبد العظيم ، _eمؤلف. |
|
| 245 | 1 | 0 |
_aتطبيق القانون العام الأجنبي بصفة تبعية في نطاق قواعد الإسناد : _bدراسة تأصيلية تحليلية في القانون الدولي الخاص / _cتأليف منصور محمد عبد العظيم . |
| 264 | 1 |
_aالقاهرة : _bدار النهضة العربية ، _c1992 . |
|
| 300 |
_a157 ؛ صفحة _c24 سم |
||
| 336 |
_2rda content _atext |
||
| 337 |
_2rda media _aComputer |
||
| 338 |
_2rda carrier _aOnline Resource |
||
| 546 | _aالنص أغلبه باللغة العربية مع بعض النصوص الفرنسية | ||
| 650 | 1 | 4 |
_aقانون دولي خاص _2qrmak |
| 651 | 1 | _2qrmak | |
| 856 | 4 | 0 | _uhttps://fll.law.cu.edu.eg/fulltext/bks/B12-00180.pdf |
| 905 | _a76 | ||
| 942 |
_2ddc _n0 _cBK _e21 |
||
| 999 |
_c64282 _d64282 |
||